000 01076nam a2200265Ia 4500
003 OSt
005 20220918110938.0
006 a|||||r|||| 00| 0
007 ta
008 220915b |||||||| |||| 00| 0 hin d
020 _a9788126712571 (hbk)
_c700
024 _a271769
037 _b272, 16/12/2011, Vani Prakashan
_cReference Collections
040 _aARTS
_cARTS
_bhin
041 _2hin
_ahin
082 _aO152vM, L5(RR)
100 _aशर्मा, रामविलास
_91722
245 0 _aभारतेन्दु - युग और हिन्दी भाषा की विकास - परम्परा
246 _aBhāratendu - yug aur hindī bhāṣhā kī vikās - paramparā
260 _aनई दिल्ली
_bराजकमल प्रकाशन भारत
_c1975
300 _a352पृ0
650 _aहिन्दी साहित्य
942 _hO152vM, L5(RR)
_cREF
999 _c115913
_d115913